<?xml version="1.0" encoding="UTF-8"?>
<record
    xmlns:xsi="http://www.w3.org/2001/XMLSchema-instance"
    xsi:schemaLocation="http://www.loc.gov/MARC21/slim http://www.loc.gov/standards/marcxml/schema/MARC21slim.xsd"
    xmlns="http://www.loc.gov/MARC21/slim">

  <leader>03467cam a22004098i 4500</leader>
  <controlfield tag="001">22445250</controlfield>
  <controlfield tag="003">EG-ScBUE</controlfield>
  <controlfield tag="005">20240305122831.0</controlfield>
  <controlfield tag="008">220225s2023    enk    f b    001 0 eng d</controlfield>
  <datafield tag="020" ind1=" " ind2=" ">
    <subfield code="a">9780367336721</subfield>
  </datafield>
  <datafield tag="040" ind1=" " ind2=" ">
    <subfield code="a">DLC</subfield>
    <subfield code="b">eng</subfield>
    <subfield code="e">rda</subfield>
    <subfield code="c">DLC</subfield>
    <subfield code="d">DLC</subfield>
    <subfield code="d">EG-ScBUE</subfield>
  </datafield>
  <datafield tag="043" ind1=" " ind2=" ">
    <subfield code="a">f------</subfield>
    <subfield code="a">a------</subfield>
  </datafield>
  <datafield tag="082" ind1="0" ind2="4">
    <subfield code="a">332.1091767</subfield>
    <subfield code="2">22</subfield>
    <subfield code="b">HAS</subfield>
  </datafield>
  <datafield tag="100" ind1="1" ind2=" ">
    <subfield code="a">Hassan, Abul,</subfield>
    <subfield code="d">1973-</subfield>
    <subfield code="e">author.</subfield>
  </datafield>
  <datafield tag="245" ind1="1" ind2="0">
    <subfield code="a">Islamic financial markets and institutions /</subfield>
    <subfield code="c">Abul Hassan, Aktham Issa Almaghaireh and Muhammad Shahidul Islam.</subfield>
  </datafield>
  <datafield tag="250" ind1=" " ind2=" ">
    <subfield code="a">First Edition.</subfield>
  </datafield>
  <datafield tag="264" ind1=" " ind2="1">
    <subfield code="a">London ;</subfield>
    <subfield code="a">New York, NY :</subfield>
    <subfield code="b">Routledge, Taylor &amp; Francis Group,</subfield>
    <subfield code="c">2023.</subfield>
  </datafield>
  <datafield tag="300" ind1=" " ind2=" ">
    <subfield code="a">xxxvi, 335 pages ;</subfield>
    <subfield code="c">24 cm</subfield>
  </datafield>
  <datafield tag="336" ind1=" " ind2=" ">
    <subfield code="a">text</subfield>
    <subfield code="b">txt</subfield>
    <subfield code="2">rdacontent</subfield>
  </datafield>
  <datafield tag="337" ind1=" " ind2=" ">
    <subfield code="a">unmediated</subfield>
    <subfield code="b">n</subfield>
    <subfield code="2">rdamedia</subfield>
  </datafield>
  <datafield tag="338" ind1=" " ind2=" ">
    <subfield code="a">volume</subfield>
    <subfield code="b">nc</subfield>
    <subfield code="2">rdacarrier</subfield>
  </datafield>
  <datafield tag="504" ind1=" " ind2=" ">
    <subfield code="a">Includes bibliographical references and index.</subfield>
  </datafield>
  <datafield tag="520" ind1=" " ind2=" ">
    <subfield code="a">"The rapid pace of progress in the Islamic financial market and investment space, coupled with the COVID-19 pandemic and its aftermath and recovery, has provided the necessary challenges to build a strong case for Islamic investment. This timely and unique book focuses on the foundations of Islamic financial markets and institutions, in the context of various products, their market application, Islamic asset management and regulation. The authors provide a thorough overview of Islamic financing instruments and markets, such as Islamic debt and equity markets, through shares and the stock market, mutual funds, private equity, lease financing, sukuk, green sukuk, money market instruments, exchange traded funds, cryptocurrencies and derivatives etc., which have emerged as alternative sources of financing. They offer insight into the numerous infrastructure institutions which have sprung up since the first decade of the new century, such as The Accounting and Auditing Organizations for Islamic Financial Institutions, Islamic Financial Services Board, Islamic International Rating Agency and International Islamic Liquidity Management Corporation as well as those being established, to satisfy different industry needs. With its uniquely competitive approach to the mainstream financial market, this book facilities a greater understanding of the concept of Islamic investment. Through a discussion of the current state and future prospects of Islamic financial markets, the book's theoretical and practical approach offers academic, practitioners, researchers, students and general readers a well-balanced overview of Islamic financial markets, its ethics, Shari'ah foundation, the instruments and operational mechanism used by Islamic capital, money and debt markets"--</subfield>
    <subfield code="c">Provided by publisher.</subfield>
  </datafield>
  <datafield tag="650" ind1=" " ind2="7">
    <subfield code="a">Banks and banking</subfield>
    <subfield code="z">Islamic countries.</subfield>
    <subfield code="2">BUEsh</subfield>
  </datafield>
  <datafield tag="650" ind1=" " ind2="7">
    <subfield code="a">Banks and banking</subfield>
    <subfield code="x">Religious aspects</subfield>
    <subfield code="x">Islam.</subfield>
    <subfield code="2">BUEsh</subfield>
  </datafield>
  <datafield tag="650" ind1=" " ind2="7">
    <subfield code="a">Finance</subfield>
    <subfield code="z">Islamic countries.</subfield>
    <subfield code="2">BUEsh</subfield>
  </datafield>
  <datafield tag="650" ind1=" " ind2="7">
    <subfield code="a">Financial services industry</subfield>
    <subfield code="z">Islamic countries.</subfield>
    <subfield code="2">BUEsh</subfield>
  </datafield>
  <datafield tag="653" ind1=" " ind2=" ">
    <subfield code="c">March2024</subfield>
    <subfield code="b">BUSECO</subfield>
  </datafield>
  <datafield tag="655" ind1=" " ind2=" ">
    <subfield code="v">Reading book</subfield>
  </datafield>
  <datafield tag="700" ind1="1" ind2=" ">
    <subfield code="a">Almaghaireh, Aktham Issa,</subfield>
    <subfield code="e">author.</subfield>
  </datafield>
  <datafield tag="700" ind1="1" ind2=" ">
    <subfield code="a">Islam, Muhammad Shahidul,</subfield>
    <subfield code="e">author.</subfield>
  </datafield>
  <datafield tag="776" ind1="0" ind2="8">
    <subfield code="i">Online version:</subfield>
    <subfield code="a">Hassan, Abul.</subfield>
    <subfield code="t">Islamic financial markets and institutions</subfield>
    <subfield code="d">London ; New York, NY : Routledge, Taylor &amp; Francis Group, 2023</subfield>
    <subfield code="z">9780429321207</subfield>
    <subfield code="w">(DLC) 2022008431</subfield>
  </datafield>
  <datafield tag="906" ind1=" " ind2=" ">
    <subfield code="a">7</subfield>
    <subfield code="b">cbc</subfield>
    <subfield code="c">orignew</subfield>
    <subfield code="d">1</subfield>
    <subfield code="e">ecip</subfield>
    <subfield code="f">20</subfield>
    <subfield code="g">y-gencatlg</subfield>
  </datafield>
  <datafield tag="942" ind1=" " ind2=" ">
    <subfield code="2">ddc</subfield>
    <subfield code="c">BB</subfield>
  </datafield>
  <datafield tag="999" ind1=" " ind2=" ">
    <subfield code="c">30690</subfield>
    <subfield code="d">30661</subfield>
  </datafield>
  <datafield tag="952" ind1=" " ind2=" ">
    <subfield code="0">0</subfield>
    <subfield code="1">0</subfield>
    <subfield code="2">ddc</subfield>
    <subfield code="4">0</subfield>
    <subfield code="7">0</subfield>
    <subfield code="8">Alahram</subfield>
    <subfield code="a">MAIN</subfield>
    <subfield code="b">MAIN</subfield>
    <subfield code="c">1ST</subfield>
    <subfield code="d">2024-03-05</subfield>
    <subfield code="e">Purchase</subfield>
    <subfield code="g">2999.00</subfield>
    <subfield code="h">181</subfield>
    <subfield code="l">0</subfield>
    <subfield code="o">332.1091767 HAS</subfield>
    <subfield code="p">000057037</subfield>
    <subfield code="r">2025-07-15 00:00:00</subfield>
    <subfield code="v">3749.00</subfield>
    <subfield code="w">2024-03-05</subfield>
    <subfield code="y">BB</subfield>
  </datafield>
</record>
